[Event "Rio de Janeiro Estadual-ch"]
[Site "Rio de Janeiro"]
[Date "2001.02.04"]
[Round "7.8"]
[White "Vilela, Vinicius"]
[Black "Bastos, Selmo"]
[Result "1/2-1/2"]
[WhiteElo "2033"]
[BlackElo "2051"]
[PlyCount "20"]
[EventDate "2001.01.??"]
[EventType "swiss"]
[EventRounds "7"]
[EventCountry "BRA"]
[SourceTitle "EXT 2003"]
[Source "ChessBase"]
[SourceDate "2002.11.25"]
[SourceVersion "1"]
[SourceVersionDate "2002.11.25"]
[SourceQuality "1"]

1. d4 d5 2. c4 e6 3. Nc3 Nf6 4. Bg5 Be7 5. Nf3 0-0 6. e3 c6 7. Bd3 Nbd7 8. 0-0 dxc4 9. Bxc4 b5 10. Bd3 a6 1/2-1/2

[Event "Rio de Janeiro Estadual-ch"]
[Site "Rio de Janeiro"]
[Date "2001.01.28"]
[Round "2.8"]
[White "Bastos, Selmo"]
[Black "Rios Filho, Hilton Carlos da Si"]
[Result "1-0"]
[WhiteElo "2051"]
[BlackElo "2248"]
[PlyCount "42"]
[EventDate "2001.01.??"]
[EventType "swiss"]
[EventRounds "7"]
[EventCountry "BRA"]
[SourceTitle "EXT 2003"]
[Source "ChessBase"]
[SourceDate "2002.11.25"]
[SourceVersion "1"]
[SourceVersionDate "2002.11.25"]
[SourceQuality "1"]

1. d4 Nf6 2. Nf3 d5 3. Bf4 c5 4. e3 Nc6 5. Nc3 e6 6. Nb5 Bd7 7. Nc7+ Ke7 8. Nxa8 Qxa8 9. dxc5 Ke8 10. Bd6 Bxd6 11. cxd6 Qb8 12. Be2 Qxd6 13. c4 Ke7 14. 0-0 Rd8 15. cxd5 Nxd5 16. Qc2 Nf6 17. Rfd1 Qb4 18. Nd4 e5 19. Nxc6+ Bxc6 20. Rxd8 Kxd8 21. Rd1+ Kc7 1-0